| 000 | 00552nam a2200157Ia 4500 | ||
|---|---|---|---|
| 008 | 210716s2011 xx 000 0 und d | ||
| 020 | _a9781259002991 | ||
| 041 | _aeng | ||
| 082 | _a658.31243 STOR | ||
| 100 | _aStone, Ron Drew. | ||
| 245 |
_aReal value of training: measuring and analyzing business outcomes and the quality of roi. _bMeasuring and analyzing business outcomes and the quality of roi. |
||
| 250 | _a1 | ||
| 260 |
_aNew Delhi _bTata McGraw Hill Publishing Company Ltd _c2011 |
||
| 300 | _axvii,302 | ||
| 650 | _aTraining & Development | ||
| 999 |
_c209393 _d209393 |
||